000 00803nam a2200241Ia 4500
003 OSt
005 20250805143349.0
008 210210b1990 xxu||||| |||| 00| 0 eng d
040 _cAL
041 _aKannada
082 _a920K MADV
100 _aMADHAV NAYAK.
_9147604
_dಮಾಧವ್ ನಾಯಕ್
245 _aVyakthi-vichara. (Vyakthichithragala mattu lekhanagala sankalana).
_bವ್ಯಕ್ತಿ -ವಿಚಾರ (ವ್ಯಕ್ತಿಚಿತ್ರಗಳ ಮತ್ತು ಲೇಖನಗಳ ಸಂಕಲನ )
260 _aPutturu
_bVivekananda mahavidyalaya
_c1990
300 _a79
650 _aBichi
_9147605
651 _aBhimsen joshi
_9147606
651 _asheni
_9147607
651 _akarantha
_9147608
690 _aBiography
_9147609
906 _a043802
942 _2ddc
_cBK
999 _c93335
_d93335